<?xml version="1.0" encoding="UTF-8"?>
<collection xmlns="http://www.loc.gov/MARC21/slim">
  <record>
    <leader>00000nam  2200000   4500</leader>
    <datafield tag="247" ind1="#" ind2="#">
      <subfield code="a"/>
    </datafield>
    <datafield tag="856" ind1="#" ind2="#">
      <subfield code="a"/>
    </datafield>
    <datafield tag="700" ind1=" " ind2="#">
      <subfield code="a"/>
    </datafield>
    <datafield tag="650" ind1=" " ind2="#">
      <subfield code="a">Transformasi Tata Kelola Kinerja</subfield>
    </datafield>
    <datafield tag="520" ind1=" " ind2="#">
      <subfield code="a">Manajemen kinerja adalah proses tata kelola perencanaan, pemantauan, serta peninjauan kinerja dan target agar mampu mencapai tujuan yang telah ditetapkan organsiasi. LAN dihadapkan pada permasalahan proses pengukuran dan penyajian data kinerja yang dirasakan kurang dapat dihandalkan. Terdapat beberapa faktor yang menyebabkan permasalahan tersebut terjadi : (1) kebijakan/pedoman perencanaan, pelaksanaan, pemantauan, evaluasi dan pelaporan kinerja dan anggaran yang menjadi acuan bagi pelaksanaan perancanaan dan penganggaran di LAN sudah out of date, (2) sistem informasi perencanaan dan evaluasi kinerja yang ada, yakni SIREVA tidak dapat digunakan lagi sebagai tools dalam melakukan pengendalian data kinerja, (3) pedoman kerja atau standar operasional prosedur pelaksanaan perencanaan, pemantauan, evaluasi dan pelaporan kinerja dan anggaran sudah tidak sesuai lagi dengan tuntutan stakeholder, dan (4) kualitas SDM pengelolaan kinerja dan anggaran masih minim dan dismotivasi. Manfaat yang diperoleh dari adanya aksi nyata perubahan ini secara internal adalah mampu meningkatkan efisiensi dan efektivitas tata kelola organisasi sehingga menghasilkan penghematan jam kerja hingga 569 jam per tahun sehingg dapat menghemat anggaran negara sebesar Rp 24.088.837.50 per tahun.</subfield>
    </datafield>
    <datafield tag="321" ind1="#" ind2="#">
      <subfield code="a"/>
    </datafield>
    <datafield tag="310" ind1="#" ind2="#">
      <subfield code="a"/>
    </datafield>
    <datafield tag="300" ind1="#" ind2="#">
      <subfield code="a">86 hlm. :</subfield>
      <subfield code="b">ill. ;</subfield>
      <subfield code="c">30 cm</subfield>
      <subfield code="e"/>
    </datafield>
    <datafield tag="260" ind1="#" ind2="#">
      <subfield code="a">Jakarta :</subfield>
      <subfield code="b">Pusbangkom Pimnas dan Manajerial ASN. ;</subfield>
      <subfield code="c">2024</subfield>
    </datafield>
    <controlfield tag="001">$a INLIS000000000020887</controlfield>
    <datafield tag="245" ind1="#" ind2="#">
      <subfield code="a">Transformasi Tata Kelola Kinerja Lembaga Administrasi Negara Membangun Ekosistem Kinerja Yang Inklusif dan Adaptif</subfield>
      <subfield code="b"/>
      <subfield code="c">Feni Damayanti</subfield>
    </datafield>
    <datafield tag="100" ind1=" " ind2="#">
      <subfield code="a">Feni Damayanti</subfield>
    </datafield>
    <datafield tag="084" ind1="#" ind2="#">
      <subfield code="a">R 0163 PKN II 2024</subfield>
    </datafield>
    <datafield tag="082" ind1="#" ind2="#">
      <subfield code="a"/>
    </datafield>
    <datafield tag="035" ind1="#" ind2="#">
      <subfield code="a">0010-0426000044</subfield>
    </datafield>
    <datafield tag="020" ind1="#" ind2="#">
      <subfield code="a"/>
    </datafield>
    <controlfield tag="008">$a 260427################g##########0#ind##</controlfield>
    <controlfield tag="005">$a 20260427145056</controlfield>
  </record>
</collection>
